00807nam a2200241 i 4500001000300000100001900003245006100022250001400083260005700097300002800154490001800182500007100200650002200271650002700293655003000320830001800350020001500368040000800383041000800391080002700399008004100426856009800467bg1 aSWEENEY, Simon10aTest your business English - marketing /cSimon Sweeney. aSpec. ed. aHarlow :bPearson Education :bPenguin Books,c2000. a97 s. :brys. ;c24 cm.1 aTest Your ... aNa okł.: "includes English, Polish, Russian and German wordlist". 9aJęzyk angielski 9aMarketingxsłownictwo aPodręczniki akademickie aTest Your ... a0582461138 cBPK0 aeng a811.111(075.8):339.138 s pl f |000 0 pol  uhttp://koha.tu.koszalin.pl/cgi-bin/koha/opac-detail.pl?biblionumber=51364yKatalog online BPK